All Current NSW Eligible Halves - Statistics

General Stats
  • This quiz has been taken 3 times
  • The average score is 11 of 18
Answer Stats
Answer % Correct
Cody Walker
100%
Jarome Luai
100%
Lachlan Galvin
100%
Matt Burton
100%
Mitchell Moses
100%
Nathan Cleary
100%
Adam Reynolds
67%
Ethan Sanders
67%
Ethan Strange
67%
Isaiya Katoa
67%
Jock Madden
67%
Latu Fainu
67%
Nicho Hynes
67%
Adam Doueihi
33%
Luke Brooks
33%
Jack Cole
0%
Jayden Sullivan
0%
Sandon Smith
0%
No matching quizzes found
Score Distribution
Percent of People with Each Score
Percentile by Number Answered
Your Score History
You have not taken this quiz